Người nông dân châu thổ Bắc Kỳ : Nghiên cứu địa lý nhân văn

Nghiên cứu về nông dân học, về nông nghiệp gia đình và về hệ thống nông nghiệp của vùng châu thổ Bắc Kỳ - Việt Nam. Phân tích về đất và người Bắc Bộ như địa hình, khí hậu châu thổ, lịch sử di dân và sự vận động của dân số, nông...

全面介绍

Đã lưu trong:
书目详细资料
主要作者: Gourou, Pierre
格式: 图书
语言:Undetermined
出版: Thành phố Hồ Chí Minh Trẻ 2015
主题:
标签: 添加标签
没有标签, 成为第一个标记此记录!
Thư viện lưu trữ: Trung tâm Học liệu Trường Đại học Cần Thơ
LEADER 01174nam a2200229Ia 4500
001 CTU_196775
008 210402s9999 xx 000 0 und d
020 |c 185000 
082 |a 959.703 
082 |b G713 
100 |a Gourou, Pierre 
245 0 |a Người nông dân châu thổ Bắc Kỳ : 
245 0 |b Nghiên cứu địa lý nhân văn 
245 0 |c Pierre Gourou ; Nguyễn Khắc Đạm ... [et al.] (dịch) 
260 |a Thành phố Hồ Chí Minh 
260 |b Trẻ 
260 |c 2015 
520 |a Nghiên cứu về nông dân học, về nông nghiệp gia đình và về hệ thống nông nghiệp của vùng châu thổ Bắc Kỳ - Việt Nam. Phân tích về đất và người Bắc Bộ như địa hình, khí hậu châu thổ, lịch sử di dân và sự vận động của dân số, nông nghiệp, công nghiệp làng xã... 
650 |a Vietnam (North Delta),Đồng bằng Bắc bộ Việt Nam 
650 |x History,Lịch sử 
904 |i Nguyên 
980 |a Trung tâm Học liệu Trường Đại học Cần Thơ